AEW All In 2025 Card - Statistics

General Stats
  • This quiz has been taken 107 times
  • The average score is 29 of 46
Answer Stats
Answer % Correct
Adam Page
100%
Jon Moxley
100%
Kazuchika Okada
98%
Toni Storm
98%
Kenny Omega
97%
Mercedes Moné
97%
Dustin Rhodes
94%
MJF
92%
Matthew Jackson
91%
Nicholas Jackson
91%
Bobby Lashley
89%
Kyle Fletcher
88%
Shelton Benjamin
88%
Swerve Strickland
86%
Sammy Guevara
85%
Will Ospreay
85%
Samoa Joe
82%
Powerhouse Hobbs
80%
Athena
79%
Katsuyori Shibata
79%
Wheeler Yuta
79%
Claudio Castagnoli
76%
Cash Wheeler
74%
Christian Cage
74%
Daniel Garcia
74%
Dax Harwood
74%
Nick Wayne
71%
Gabe Kidd
70%
Mike Bailey
70%
Kevin Knight
62%
Big Boom AJ
33%
Tomohiro Ishii
33%
Marshall Von Erich
32%
Ross Von Erich
32%
Truth Magnum
32%
Kyle O'Reilly
30%
Turbo Floyd
30%
Rocky Romero
26%
Trent Beretta
26%
Hologram
24%
Lance Archer
24%
Hechicero
23%
Shane Taylor
17%
Carlie Bravo
14%
Shawn Dean
14%
Lee Moriarty
12%
No matching quizzes found
Score Distribution
Percent of People with Each Score
Percentile by Number Answered
Your Score History
You have not taken this quiz